000 00709nam a2200217 a 4500
008
020 _a0719045967 (pbk.)
049 _aMAIN
090 _aHQ784.T4
_bBUC
100 1 _aBuckingham, David.
245 1 0 _aMoving images :
_bunderstanding children's emotional responses to television /
_cDavid Buckingham.
260 _aManchester :
_bManchester University Press,
_c1996.
300 _a325 p. ;
_c22 cm.
504 _aIncludes bibliographical references.
650 0 _aTelevision and children
_xPsychological aspects.
907 _a.b10157335
_b30-05-13
_c04-03-05
003
005 20230123125050.0
040 _cNUST
942 _cBOOKS
_kHQ784.T4
_mBUC
999 _c135114
_d135114